000 00796nam a22002537a 4500
003 DO-SdBNP
005 20260513100002.0
007 ta
008 220921e1948 dr ||||| |||| 00| p spa d
040 _aDO-SdBNP
_bspa
_cBNPHU
_erda
082 4 _222
_a861.44
_bM843a
100 0 _975550
_aMoreno Jiménes, Domingo,
_d1894-1986
_eautor
245 1 0 _aBurbujas en el vaso de una vida breve /
_bMoreno Jiménes,
264 _aCiudad Trujillo, D. N. :
_bRincon,
_c1948
300 _a30 páginas ;
_c25 cm
336 _2rdacontent
_atexto
_btxt
337 _2rdamedia
_asinmediación
_bn
338 _2rdacarrier
_avolumen
_bnc
590 _aInventariado 2023 / MF
650 0 _aAntologías
_98656
650 0 _aAntología poética
_949370
650 0 _99202
_aAntología
_xLiteratura
942 _2ddc
_cLBS1
999 _c52439
_d52439